Zmeny povinností pri ochrane osobných údajov

Nový zákon o ochrane osobných údajov č. 122/2013 Z. z. Najväčšie zmeny v oblastiach: vzťah prevádzkovateľa a sprostredkovateľa, rozšírenie právnych základov spracúvania osobných údajov, spracúvanie biometrických údajov, bezpečnostná dokumentácia, poučenie oprávnených osôb, zodpovedná osoba, registr...

Ausführliche Beschreibung

Gespeichert in:
Bibliographische Detailangaben
1. Verfasser: Mičo, Tomáš
Format: Buchkapitel
Sprache:Slowakisch
Schlagworte:
Tags: Tag hinzufügen
Keine Tags, Fügen Sie das erste Tag hinzu!

MARC

LEADER 00000naa a2200000 4500
001 0175125
005 20231005092243.2
041 0 |a slo 
044 |a SK 
245 1 0 |a Zmeny povinností pri ochrane osobných údajov  |c Tomáš Mičo 
520 |a Nový zákon o ochrane osobných údajov č. 122/2013 Z. z. Najväčšie zmeny v oblastiach: vzťah prevádzkovateľa a sprostredkovateľa, rozšírenie právnych základov spracúvania osobných údajov, spracúvanie biometrických údajov, bezpečnostná dokumentácia, poučenie oprávnených osôb, zodpovedná osoba, registrácie a osobitná registrácia, konanie a sankcie. 
610 2 0 |a zákony 
610 2 0 |a ochrana údajov osobných 
610 2 0 |a systémy informačné 
610 2 0 |a bezpečnosť 
100 1 |a Mičo, Tomáš